Biggest Trading Partners - Israel 2024 - Statistics

General Stats
  • This quiz has been taken 58 times
  • The average score is 17 of 20
Answer Stats
Answer % Correct
China
96%
France
96%
Hong Kong (China)
96%
United States
96%
Italy
94%
United Kingdom
94%
Germany
92%
Spain
92%
Japan
89%
Brazil
87%
India
87%
Türkiye
87%
Netherlands
85%
South Korea
85%
Russia
83%
Belgium
77%
Taiwan
72%
Switzerland
66%
Ireland
58%
Vietnam
47%
No matching quizzes found
Score Distribution
Percent of People with Each Score
Percentile by Number Answered
Your Score History
You have not taken this quiz